00542nam a22001697a 450000500170000001000150001702000260003203500130005803700130007108200110008410000170009524500750011226000310018727000780021830000260029650000500032220150421105528.0 aENG-112311 a9781138018853c495.00 aEN-95843 bDBAD/PUB a351.54 aMathur, B.P. aEthics for governance :cby B.P. Mathurbreinventing public services / aNew DelhibRoutledgec2014 a912,Tolstoy House, 15-17 Tolstoy Marg, Connaught PlacebNew Delhie110001 axii,396p. c22cm(pbk) aIncludes bibliographical references and index